000 00354nam a2200157Ia 4500
005 20250425161250.0
008 250425s9999 xx 000 0 und d
041 _aeng
082 _aIBM4381
245 0 _aK-THEORIE ALGENBRIQUE ET K-THEORIE
250 _aS.E.
260 _aS.L.
260 _aSin Pais
_bUNBA
_c1970
942 _c01
010 _a16467
999 _c205753
_d205753